Statistiques concernant Célébrités ( réelles ou fictives ) en chansons

Cliquez ici pour prendre le quiz!

Statistiques générales

  • Ce quiz a été pris 411 fois
  • Le résultat moyen est 14 sur 50

Statistiques - réponses

ChansonsAnnéesInterprètes% Correct
Ella, elle l'a1987France Gall
89%
Cendrillon1982Téléphone
84%
Quelque chose de Tennessee1985Johnny Hallyday
80%
Grace Kelly2007Mika
76%
Bécassine1979Chantal Goya
68%
Rasputin1978Boney M
60%
Sacré Charlemagne1964France Gall
60%
Les Dalton1967Joe Dassin
58%
Armstrong1965Claude Nougaro
57%
Miss Maggie1985Renaud
56%
Marilyn & John1988Vanessa Paradis
56%
Sur un prélude de Bach1991Maurane
50%
Cézanne peint1985France Gall
45%
Initials B.B.1968Serge Gainsbourg
44%
Vladimir Ilitch1983Michel Sardou
42%
Avé Cesaria2013Stromae
40%
Les nuits sans Kim Wilde1985Laurent Voulzy
35%
Marvin Gaye2015Charlie Puth & Meghan Trainor
32%
La légende de Jimmy1990Diane Tell
28%
Hiro2010Soprano
28%
La chanson de Prévert1962Serge Gainsbourg
27%
Clint Eastwood2001Gorillaz
25%
Manu Chao2003Les Wampas
23%
Zidane y va marquer2006Cauet
20%
Si tu n'aimes pas Florent Pagny2010Florent Pagny
20%
Bette Davis eyes1981Kim Carnes
18%
La beauté d'Ava Gardner1988Alain Souchon
16%
La bande à Bonnot1968Joe Dassin
16%
Jesus he knows me1992Genesis
15%
Mandela day1989Simple Minds
15%
Zinédine2004Pascal Obispo
13%
Napoléone1982Serge Lama
13%
Fanny Ardant et moi2002Vincent Delerm
13%
Maria Magdalena1985Sandra
12%
Barbra Streisand2014Duck Sauce
11%
Un portrait de Norman Rockwell1996Eddy Mitchell
11%
Beau oui comme Bowie1983Isabelle Adjani
11%
Lindberg1968Robert Charlebois
11%
Brigitte Bardot1961Dario Moreno
9%
Chirac en prison2006Les Wampas
9%
Jésus revient1988Patrick Bouchitey
8%
Natalie Wood1990Jil Caplan
7%
Santa Maradona1994Mano Negra
5%
Kennedy Rose1990Patricia Kaas
5%
Robert de Niro's waiting1984Bananarama
4%
Elisabeth Taylor2016Clare Maguire
4%
Joan of Arc1981Orchestral Manoeuvres in the Dark
3%
Marilyn Monroe2014Pharrell Williams
3%
Dancing with Madonna2008Arthur H
2%
To be or not to be ( The Hitler rap )1983Mel Brooks
2%

Distribution des résultats

Percentile par nombre de réponses

% des personnes avec chaque résultat

Votre développement - résultats

Vous n’avez pas pris ce quiz